| 000 | 00810cam a22002771 4500 | ||
|---|---|---|---|
| 001 | 4736 | ||
| 003 | BD-RjUL | ||
| 005 | 20211208233939.0 | ||
| 008 | 131223s1952 nyua 001 0 eng | ||
| 035 | _a(BD-RjUL)4771 | ||
| 035 | _a(OCoLC)1112478 | ||
| 040 |
_aDLC _cOAkU _dOCoLC _dOrPL-L _dUk _dDLC _dBD-RjUL _beng |
||
| 041 | _aeng | ||
| 082 | 0 | 0 |
_a368.22 _bWIM 1952 |
| 100 | 1 |
_aWinter, William D., _d1885- _914932 |
|
| 245 | 1 | 0 |
_aMarine insurance : _bits principles and practice / _cWilliam D. Winter. |
| 250 | _a3rd ed. | ||
| 260 |
_aNew York : _bMcGraw-Hill, _cc1952. |
||
| 300 |
_a551 p. : _billus. ; _c21 cm. |
||
| 504 | _aIncludes index. | ||
| 650 | 0 |
_aMarine insurance. _914934 |
|
| 942 |
_2ddc _cBK |
||
| 999 |
_c4736 _d4736 |
||